Review of the working of government departments : with special reference to development (Record no. 497030)

000 -LEADER
fixed length control field 00386cam a22001097a 4500
008 - FIXED-LENGTH DATA ELEMENTS--GENERAL INFORMATION
fixed length control field 180718b1967 xxu||||| |||| 00| 0 eng d
082 ## - DEWEY DECIMAL CLASSIFICATION NUMBER
Classification number T000x5444 M999r
245 ## - TITLE STATEMENT
Title Review of the working of government departments : with special reference to development
Statement of responsibility, etc. by Finance Department
260 ## - PUBLICATION, DISTRIBUTION, ETC.
Place of publication, distribution, etc. Bangalore
Name of publisher, distributor, etc. The Government Press
Date of publication, distribution, etc. 1967
300 ## - PHYSICAL DESCRIPTION
Extent 153p.
700 ## - ADDED ENTRY--PERSONAL NAME
Personal name Mysore.Finance Department
Holdings
Withdrawn status Lost status Damaged status Not for loan Permanent Location Current Location Date acquired Full call number Barcode Date last seen Price effective from Koha item type
        Indian Institute of Public Administration Indian Institute of Public Administration 2018-08-04 T000x5444 M999r GG6279 2018-08-04 2018-08-04 GG

Powered by Koha